Tilastot visalle A:lla alkavat valtiot

Klikkaa tästä pelataksesi tätä visaa!

Yleistilastot

  • Tätä visaa on pelattu 6 928 kertaa
    (6 927 viimeisimmän päivityksen jälkeen)
  • Keskiarvotulos 8 / 11

Vastaustilastot

Valtio% Oikein
Albania
84%
Andorra
82%
Algeria
81%
Armenia
77%
Australia
77%
Afganistan
75%
Angola
75%
Azerbaidžan
71%
Alankomaat
69%
Argentiina
64%
Antigua ja Barbuda
55%

Tulosjakauma

Persentiili vastausten määrän mukaan

Jokaisen tuloksen saaneiden osuus

Tuloshistoriasi

Et ole pelannut tätä visaa sen viimeisimmän päivityksen jälkeen